01125nam a22001937a 4500003001700000005001700017008004100034020001800075040000700093041001200100082001700112100001900129245002700148260004200175300002500217365006200242520059600304650003100900St Aloysius Coll20250729113341.0250729b |||||||| |||| 00| 0 eng d a9789368404613 cAL aEnglish a032.02bPANG aManohar Pandey aGeneral knowledge 2026 aNew DelhibArihant Publicationsc2025 a606pbPBc20.5x14cm. 2Generala1941b₹268.00c₹d₹335.00e20%f14-07-2025 aGeneral knowledge serves as the bedrock upon which individuals build their intellectual prowess, enabling them to navigate the challenges posed by various entrance, school, or competitive exams like SSC, UPSC, SPSC, Railway Exam, Bank Exam, SBI, RBI, FCI etc. Keeping up with the dynamic global landscape, Arihant brings the revised edition of the “General Knowledge 2026” series. For the first time, with a colorful presentation, the series will provide the latest information on events and developments worldwide, ensuring that aspirants' knowledge is also enhanced in a visual manner. 2GeneralaGeneral Knowledge